| 000 | 00556nam a2200193ua 4500 | ||
|---|---|---|---|
| 001 | 006666 | ||
| 002 | SID-006666 | ||
| 003 | DB-PGN/BCA | ||
| 008 | 181210s2002 ck gr 000 0 spa d | ||
| 020 | _a9588087813 | ||
| 041 | 0 | _aspa | |
| 072 | 7 |
_a300 _2PGN |
|
| 082 | 0 | 4 |
_a342.861 _bC112c / 2002 |
| 100 | 1 | _aCaballero Sierra, Gaspar | |
| 245 | 1 | 0 |
_aCorte constitucional y legislador : _bcontrarios o complementarios / _cGaspar Caballero Sierra |
| 260 |
_aBogotá : _bGustavo Ibáñez, _c2002 |
||
| 300 | _a108 p. | ||
| 650 | 1 | 4 | _aCorte Constitucional |
| 650 | 1 | 4 | _aDerecho Constitucional |
| 999 |
_c26807 _d26807 |
||
| 040 | _ccobopgn | ||
| 942 | _cBK | ||